000 00656nam a22002417a 4500
001 90270
003 UA-OsUOA
005 20210129103228.0
007 ta
008 20121115b un ||||| |||| 00| 0 ukr d
020 _a57070697Х8
040 _aUA-OsUOA
_bukr
_cUA-OsUOA
_dUA-OsUOA
041 _aukr
080 _a821.161.2
090 _a821.161.2
_bЛ48
100 _aЛепкий Б.
245 _aПолтава
_bісторична повість
260 _aЛьвів
_bЧервона Калина
_c1991
300 _a406 с.
650 7 _a82 Література. Літературознавство
_2UDC
942 _cBK
_2udc
955 _a3
999 _c376330
_d376330